00842 2200325 4500001002100000005001700021008004100038020001800079035002400097090001500121100001500136245006400151250001000215260002900225300002600254500003600280500001100316650001000327700002100337700002500358850001500383980001300398985000600411999001500417999001500432999001500447990001800462990001800480990001800498YOGYA-0209000004036220090227025640.0 ind  a979-1308-08-0 0010-020900000040362 a340bMon S aMONTESQUEU aThe spirit of lawsbDasar-dasar ilmu hukum dan ilmu politik aCet.1 aBandungbNusamediac2007 axxvii, 463 hlmc24 cm aJudul asli : The spirit of laws aIndeks aHukum aAnam, M. Khoiril aMangunsong, Nurainun aYOPDYOG(B) a11-12-07 a3 a07B0030603 a07B0030604 a07B0030605 a30604-PD/B.07 a30603-PD/B.07 a30605-PD/B.07